000 00398nam a2200133Ia 4500
005 20260326100033.0
008 260326s9999||||xx |||||||||||||| ||und||
100 _aOlgyay, Victor
245 0 _aDesign with Climate :
_b Bioclimatic approach to Architectural Regionalism /
_cVictor Olgyay
260 _bPrinceton Architectural Press
300 _a190 p.
650 _aARQUITECTURA Y CLIMA
942 _cBK
999 _c6670
_d6670